MAASAI MARA UNIVERSITY

LIBRARY CATALOGUE

Contact Us: +254 020 2685356/7 or 0774 057787

Box: 861-20500, NAROK, KENYA

Email: info@mmarau.ac.ke

Steinemann Anne C (Record no. 4716)

MARC details
000 -LEADER
fixed length control field 00394nam a2200145Ia 4500
008 - FIXED-LENGTH DATA ELEMENTS--GENERAL INFORMATION
fixed length control field 151015s9999 xx 000 0 und d
020 ## - INTERNATIONAL STANDARD BOOK NUMBER
International Standard Book Number 30264715
050 ## - LIBRARY OF CONGRESS CALL NUMBER
Classification number HB 171.S74 2005
245 ## - TITLE STATEMENT
Title Steinemann Anne C
250 ## - EDITION STATEMENT
Edition statement _Microeconomics for public decisions
300 ## - PHYSICAL DESCRIPTION
Extent USA Thomson 2005
500 ## - GENERAL NOTE
General note Includes index
650 ## - SUBJECT ADDED ENTRY--TOPICAL TERM
Topical term or geographic name as entry element _microeconomics
700 ## - ADDED ENTRY--PERSONAL NAME
Personal name ^d20130523 10:17:14^oanne

No items available.

© 2016 Maasai Mara University.